'WRENCH'-ing Ladder Quiz Stats

 Plays Quiz Updated Apr 15, 2015

Challenge
Share
Tweet
Embed
Score 0/60 Timer 02:00
8 Plays Today
% Correct
Tough spot.
98%
Breathing organ.
97.3%
Hit on the head.
97.3%
Praise.
97.2%
███████████████
96.9%
███████████████
96.9%
███████████████
96.9%
███████████████
96.9%
███████████████
96.9%
███████████████
96.9%
███████████████
96.9%
███████████████
96.9%
███████████████
96.9%
███████████████
96.9%
███████████████
96.9%
███████████████
96.9%
Not short.
93.4%
Half moon shape.
93.3%
LUNG
91%
Solitary.
89.4%
LONG
86.8%
Knowledge.
86.6%
Ice-cream holder.
86.2%
Apple discard.
85.9%
Deadly poison.
85.8%
Show concern.
85.7%
Walking stick.
85.6%
Joker is one.
85%
Umbilical.
84.9%
CONE
84.9%
% Correct
LONE
84.5%
Upper class title.
84%
Shakespeare is one
83.7%
Naked.
83%
CORE
82.8%
CORD
82.5%
CANE
82.1%
CARE
80.5%
BARE
77.9%
CARD
77.9%
Instrument team.
74.9%
Eagle is one.
74.7%
Animal fat.
73.8%
Excessively noisy.
73.7%
BARD
73.4%
LORD
73%
LARD
70.3%
BIRD
70.1%
LOUD
69.1%
LORE
66.3%
Femur is one.
64.1%
Barclays is one.
63.6%
BAND
61.3%
BONE
61.2%
LAUD
58.5%
BANE
58.2%
LUNE
55.8%
BIND
53.8%
BONK
51%
BANK
47.6%

You're not logged in!

Compare scores with friends on all Sporcle quizzes.
Join for Free
OR
Log In

You Might Also Like...

Show Comments

Extras

Top Quizzes Today


Score Distribution

Your Account Isn't Verified!

In order to create a playlist on Sporcle, you need to verify the email address you used during registration. Go to your Sporcle Settings to finish the process.

Report this User

Report this user for behavior that violates our Community Guidelines.

Details: